000 00399nam a22001577a 4500
003 OSt
005 20260325123931.0
008 260325b |||||||| |||| 00| 0 eng d
020 _a978-93-86217-73-8
040 _cIIMT UNIVERSITY
100 _aSHAH, BIREN
245 _aTEXTBOOK OF PHARMACOGNOSY AND PHYTOCHEMISTRY
260 _aNEW DELHI
_bCBS PUBLISHER
_c2025
300 _a614
942 _2ddc
_c01
999 _c67637
_d67637